| 000 | 00849nam a2200265 4500 | ||
|---|---|---|---|
| 003 | OSt | ||
| 005 | 20260601171009.0 | ||
| 008 | 260507b1992\\\\mx\|||||\||||\00|\0\spa\d | ||
| 020 | _a968690400X | ||
| 040 |
_aICI _bspa _cICI |
||
| 041 | _aspa | ||
| 050 |
_aNA2795 _bA58 1992 |
||
| 100 | 1 |
_aAlva Martínez, Ernesto, _eautor |
|
| 245 | 1 |
_aColor en la Arquitectura Méxicana _cautores Ernesto Alva Martínez, Sara Schara Ickowicz |
|
| 264 |
_a México : _bComex, _c1992 |
||
| 300 |
_a202 páginas _bIlustrado |
||
| 336 |
_atexto _2rdacontent |
||
| 337 |
_asin medio _2rdamedia |
||
| 338 |
_avolumen _2rdacarrier |
||
| 650 | 4 |
_aColor en arquitectura _z México _932723 |
|
| 650 | 4 | _a Arquitectura mexicana | |
| 700 | 1 |
_aSchara Ickowicz, Sara, _eautor _96707 |
|
| 710 |
_a Comercial Mexicana de Pinturas (Firma comercial) _932725 |
||
| 942 |
_2lcc _cB _n1 |
||
| 999 |
_c20400 _d20400 |
||